00941 2200337 4500001002100000005001500021007000300036008004100039020002200080035002000102040001700122041000800139082000800147084001400155090001400169100002800183245007300211250001200284264003800296300003900334336002100373337003000394338002300424500003500447504002400482650001700506700003500523850001000558990002200568990001300590INLIS00000000000649220260412120611ta260412 0  a978-979-465-715-7 a0010-0422000097 aSBPUPADbind0 aind a500 a500 KOE e a500 KOE e0 aKoes IriantoePengarang1 aEnsiklopedia Bio Sains :bTujuh /cKoes Irianto ;Editor,Irma Noviati a.-Cet.2 a.--Bandung :bEpsilon Grup,c2010 aiv, 100 hal. :billus. ;c23,5 cm 2rdacontentaTeks 2rdamediaaTanpa Perantara 2rdacarrieravolume aGlosarium,Hlm 94,Indeks,Hlm 99 aBibliografi,Hlm 100 4aEnsiklopedia0 aEditor,Irma NoviatiePengarang aPUPAD a25.960/H/DPK/2018 aH/DPK/18